| 000 | | | 03974cbm0a2200277#x 450 |
| 001 | | | e7cf87ed-5414-43e7-bda2-c34cbca53a56 |
| 005 | | | 20200414120147.0 |
| 100 | ## | $a | 20200406j19381019k###0rusy50 ca |
| 101 | 0# | $a | rus |
| 102 | ## | $a | CZ |
| 122 | 0# | $a | d19381019## |
| 200 | 1# | $a | "Краткий экономический обзор результатов оккупации немцами Судетской области Чехословакии", составленный в торгпредстве СССР в Чехословакии |
| | $j | 19 октября 1938 г. |
| 251 | ## | $c | Документ |
| 300 | ## | $a | Копия |
| 461 | #0 | $1 | 2001 |
| | $a | Ф. 413 |
| | $1 | 251 |
| | $c | Фонд |
| | $1 | 852 |
| | $j | 413 |
| 462 | #0 | $1 | 2001 |
| | $a | Оп. 13 |
| | $1 | 251 |
| | $c | Опись |
| | $1 | 852 |
| | $j | 13 |
| 462 | #0 | $1 | 2001 |
| | $a | Д. 2280 |
| | $v | Л. 85–89 |
| | $1 | 251 |
| | $c | Дело |
| | $1 | 852 |
| | $j | 2280 |
| 605 | ## | $a | Вторая мировая война в архивных документах (Комплекс оцифрованных архивных документов, кино- и фотоматериалов) |
| | $l | коллекция |
| | $2 | prlib_sh |
| | $3 | LIBNET\UAF\0000088514 |
| 617 | ## | $2 | prlib_sh |
| | $a | СССР |
| | $f | 1938 |
| 617 | ## | $2 | prlib_sh |
| | $a | Чехословакия |
| | $f | 1938 |
| 617 | ## | $2 | prlib_sh |
| | $a | Германия |
| | $f | 1938 |
| 801 | #0 | $a | RU |
| | $b | ПБ им. Б.Н. Ельцина |
| | $c | 20200406 |
| 801 | #1 | $a | RU |
| | $b | ПБ им. Б.Н. Ельцина |
| | $c | 20200406 |
| | $2 | rusmarc |
| 801 | #2 | $a | RU |
| | $b | ПБ им. Б.Н. Ельцина |
| | $c | 20200414 |
| | $2 | rusmarc |
| 850 | ## | $a | Российский государственный архив экономики |
| 852 | ## | $a | РГАЭ |
| | $j | Л. 85–89 |
| 035 | ## | $a | LIBNET\0001068456 |
| 937 | ## | $d | 144016636 |
| | $h | Российский государственный архив экономики |
| 856 | 4# | $u | http://readingroom.main.prlib.ru/item.aspx?id_node=n144016636&mode=full |